00465nmm a2200169Ia 4500008004100000020001800041041000800059100003100067245002100098264004200119300001800161490001900179650002200198856005100220942000700271999001700278251105s9999||||xx |||||||||||||||||und|| a9788416465842 aspa aGonzález, Miguel Ángel 0aTodos los miedos a[Madrid, España] :bSiruela, c2016 a151 páginas aNuevos tiempos aSpanish narrative uhttps://public.digitaliapublishing.com/a/44767 cCF c77784d77784